Statistics for Ligue 1 Scorers 2014-2015

Click here to take the quiz!

General Stats

  • This quiz has been taken 104 times
    (86 since last reset)
  • The average score is 9 of 23

Answer Stats

RankClubPlayerGoals% Correct
1LyonAlexandre Lacazette27
96%
3ParisZlatan Ibrahimovic19
94%
4ParisEdinson Cavani18
93%
2MarseilleAndré-Pierre Gignac21
79%
8ToulouseWissam Ben Yedder14
60%
9LyonNabil Fekir13
50%
-GuingampClaudio Beauvue17
43%
5Saint-EtienneMax-Alain Gradel17
39%
-LilleNolan Roux9
35%
13MarseilleAndré Ayew10
33%
10LorientJordan Ayew12
33%
-BordeauxWahbi Khazri9
32%
-MarseilleMichy Batshuayi9
31%
-MonacoBernardo Silva9
29%
7BordeauxDiego Rolan15
24%
-MonacoAnthony Martial9
22%
11GuingampChristophe Mandanne11
18%
-MontpellierLucas Barrios11
17%
-RennesPaul-Georges Ntep9
17%
-EvianMathieu Duhamel10
13%
-MontpellierAnthony Mounier9
11%
-NiceCarlos Eduardo10
6%
16MetzModibo Maïga9
6%

Score Distribution

Percentile by Number Answered

Percent of People with Each Score

Your Score History

You have not taken this quiz since the last reset